Ekonomické důsledky hodnocení výrobků

Salvato in:
Dettagli Bibliografici
Autore principale: Petřina, Jaroslav
Natura: Libro
Lingua:ceco
Pubblicazione: Praha Dům techn. ČSVTS 1986
Edizione:1. vyd.
Serie:Právo a řízení jakosti 9
Tags: Aggiungi Tag
Nessun Tag, puoi essere il primo ad aggiungerne!!

MARC

LEADER 00000nam a2200000 4500
001 c033986
005 20250520085134.9
041 0 |a cze 
044 |a CZ 
245 1 0 |a Ekonomické důsledky hodnocení výrobků  |c Jaroslav Petřina 
250 |a 1. vyd. 
264 1 |a Praha  |b Dům techn. ČSVTS  |c 1986 
300 |a 71 s. 
490 1 |a Právo a řízení jakosti  |v 9 
830 0 |a Právo a řízení jakosti  |v 9 
100 1 |a Petřina, Jaroslav